X-12 İLK RESİMLİ ATLASIM (Record no. 587533)

MARC details
000 -LEADER
sabit uzunluktaki kontrol alanı 00269nam a2200109Ia 4500
001 - KONTROL NUMARASI
kontrol alanı 587533
005 - EN SON İŞLEMİN TARİH VE ZAMANI
kontrol alanı 20250717113817.0
008 - SABİT-UZUNLUKTA VERİ ÖĞELERİ--GENEL BİLGİ
sabit uzunluktaki kontrol alanı 250717s9999 xx 000 0 und d
245 #0 - ESER / YAZAR
ESER ADI X-12 İLK RESİMLİ ATLASIM
Yazar Adı KOMİSYON
260 ## - YAYIN, DAĞITIM, VB.
YAYIN EVİ BETA YAYINLARI
Yayın, dağıtım tarihi, vb. 2020
300 ## - FİZİKSEL AÇIKLAMA
Diğer fiziksel ayrıntılar 32

No items available.